000 00262nam a2200097Ia 4500
001 1049249
005 20250826232309.0
008 250824s9999 xx 000 0 und d
245 0 _aABDÜLHAMİDİN KURTLARLA DANSI 2
_cMUSTAFA ARMAĞAN
260 _bKETEBE YAYINLARI
999 _c1049249
_d1049249